| 000 | 00842nam a22002655a 4500 | ||
|---|---|---|---|
| 005 | 20160229113506.0 | ||
| 008 | 160229t2015 nyua frbd 001 0 eng d | ||
| 020 | _a9780077861421 | ||
| 020 | _a0077861426 | ||
| 040 |
_aEG-ScBUE _beng _cEG-ScBUE |
||
| 082 | 0 | 4 |
_222 _a343.73099 _bPEM |
| 100 | 1 |
_aPember, Don R., _d1939- _939460 |
|
| 245 | 1 | 0 |
_aMass media law / _cDon R. Pember, Clay Calvert. |
| 250 | _a19th ed. | ||
| 260 |
_aNew York : _bMcGraw Hill Education, _cc.2015. |
||
| 300 |
_axiv, 706. : _bill. ; _c24 cm. |
||
| 500 | _aGlossary : p. 688-694. | ||
| 500 | _aIndex : p. 695-706. | ||
| 504 | _aIncludes bibliographical references. | ||
| 650 | 0 |
_2BUEsh _aMass media _xLaw and legislation _zUnited States. |
|
| 650 | 0 |
_aPress law _zUnited States. _2BUEsh |
|
| 653 |
_bCOMAME _cFebruary2016 |
||
| 700 | 1 | _aCalvert, Clay | |
| 942 | _2ddc | ||
| 999 |
_c21276 _d21248 |
||